| 000 | 00394nam a2200169Ia 4500 | ||
|---|---|---|---|
| 008 | 230524s9999 xx 000 0 und d | ||
| 020 | _a0070494819 | ||
| 082 |
_a620.41 _bSRI |
||
| 100 | _aL.S.Srinath | ||
| 245 | 0 | _aAdvanced Mechanics of Solids | |
| 250 | _a2ND | ||
| 260 |
_aNEW DELHI _bTMH _c2005 |
||
| 300 | _a459 | ||
| 500 | _aQuantity Number: 154 | ||
| 650 | _aMechanics | ||
| 942 | _cBK | ||
| 999 |
_c3554 _d3554 |
||